Discurso leído en la Universidad Central (Record no. 54552)
[ view plain ]
| 000 -LEADER | |
|---|---|
| campo de control de longitud fija | 00849nam a22001815i 4500 |
| 001 - NÚMERO DE CONTROL | |
| campo de control | 54552 |
| 003 - IDENTIFICADOR DE NÚMERO DE CONTROL | |
| campo de control | ES-MaACL |
| 005 - FECHA Y HORA DE LA ÚLTIMA TRANSACCIÓN | |
| campo de control | 20230906162956.0 |
| 007 - CAMPO FIJO DE DESCRIPCIÓN FÍSICA--INFORMACIÓN GENERAL | |
| campo de control de longitud fija | t| |
| 008 - DATOS DE LONGITUD FIJA--INFORMACIÓN GENERAL | |
| campo de control de longitud fija | 960628s1870 sp ||||1| spa d |
| 040 ## - FUENTE DE CATALOGACIÓN | |
| Centro catalogador/agencia de origen | CAM |
| Lengua de catalogación | spa |
| Centro/agencia transcriptor | CAM |
| 100 1# - ENTRADA PRINCIPAL--NOMBRE DE PERSONA | |
| Nombre de persona | Frauca e Ibarra, Angel. |
| 9 (RLIN) | 52391 |
| 245 10 - MENCIÓN DEL TÍTULO | |
| Título | Discurso leído en la Universidad Central |
| Resto del título | : en el acto ... de recibir la investidura de doctor en la facultad de Medicina / |
| Mención de responsabilidad, etc. | por Angel Frauca é Ibarra. |
| 260 ## - PUBLICACIÓN, DISTRIBUCIÓN, ETC. | |
| Lugar de publicación, distribución, etc. | Madrid : |
| Nombre del editor, distribuidor, etc. | [s.n.], |
| Fecha de publicación, distribución, etc. | 1870 ( |
| Fabricante | inprenta de José M. Ducazcal) |
| 300 ## - DESCRIPCIÓN FÍSICA | |
| Extensión | 34 p. ; |
| Dimensiones | 26 cm. |
| 500 ## - NOTA GENERAL | |
| Nota general | Tema: En el estado actual de la ciencia ¿debemos admitir el grupo de las afecciones cutáneas fito-parasitarias? |
| 852 ## - LOCALIZACIÓN | |
| Ubicación | ES-MaACL |
| Número de control de estantería | T-667-F-8 |
| Nota libre | .- Dedicatoria autógrafa Gustavao Saenz Diez a la "Biblioteca de los Escolares Médicos" |
| -- | .- Sello de: "Los Escolares Médicos" |
| Estatus retirado | Estado de pérdida | Estado de daño | No para préstamo | Colección | Biblioteca de origen | Biblioteca actual | Ubicación en estantería | Fecha de adquisición | Fuente de adquisición | Total de préstamos | Signatura topográfica completa | Código de barras | Visto por última vez | Precio de reemplazo | Tipo de ítem Koha |
|---|---|---|---|---|---|---|---|---|---|---|---|---|---|---|---|
| Colección de folletos | Biblioteca del Ateneo de Madrid | Biblioteca del Ateneo de Madrid | Depósito folletos | 17/01/2008 | T-667-F-8 | 1057324 | 23/02/2023 | 23/02/2023 | Folleto |
